| 000 | 00608nam a2200241 a 4500 | ||
|---|---|---|---|
| 001 | adlib96000001 | ||
| 003 | ViArRB | ||
| 005 | 200902210153555.7 | ||
| 008 | 960221s1955 dcuabcdjdbkoqu001 0deng d | ||
| 020 | _a | ||
| 022 | _a | ||
| 040 | _aAdlib | ||
| 082 | _a35.001.5(058) R | ||
| 245 | _aPolicy studies Review Annual | ||
| 250 | _a | ||
| 260 |
_aBeverly Hills _bSage _c1977 |
||
| 300 |
_a _c |
||
| 500 | _a Vol | ||
| 100 |
_a _e |
||
| 700 |
_a _a |
||
| 942 | _cREF | ||
| 952 |
_w2010-06-16 _p00026384 _r2010-06-16 _40 _00 _bUL _10 _o35.001.5(058) POL.3 R _d2010-06-16 _70 _yREF _aUL |
||
| 999 |
_c22370 _d22369 |
||